| 000 | 00757nam a22002177a 4500 | ||
|---|---|---|---|
| 005 | 20100804165415.0 | ||
| 010 | _aENG-98162 | ||
| 020 |
_a9788183333788 _c360.00 |
||
| 035 | _aEN-81695 | ||
| 037 | _bDBAD/PUB | ||
| 082 | _a670.285536 | ||
| 100 |
_aHansen, L. Scott _96394 |
||
| 245 |
_aApplied CATIA: _bV5-R15 _cby L.Scott Hansen |
||
| 260 |
_aNew Delhi _bBPB Publications _c2010 |
||
| 270 |
_aB-14, Connaught Place _bNew Delhi _e110001 |
||
| 300 |
_aiv,475p. _c24cm (pbk) |
||
| 500 | _aIncludes index | ||
| 650 |
_aComputer aided engineering _96395 |
||
| 942 |
_2ddc _cEN _h670.285536 _mHAN |
||
| 999 |
_c39326 _d39326 |
||